<?xml version="1.0" encoding="UTF-8"?>
<marc:record xmlns:marc="http://www.loc.gov/MARC21/slim">
   <marc:leader>00000nam a2200000 a 4500</marc:leader>
   <marc:datafield ind1="1" ind2=" " tag="100">
      <marc:subfield code="a">Strasser, Katharina</marc:subfield>
   </marc:datafield>
   <marc:datafield ind1="1" ind2=" " tag="100">
      <marc:subfield code="a">Levi, Noah</marc:subfield>
   </marc:datafield>
   <marc:datafield ind1="1" ind2=" " tag="100">
      <marc:subfield code="a">Berger, Senta</marc:subfield>
   </marc:datafield>
   <marc:datafield ind1="1" ind2=" " tag="100">
      <marc:subfield code="a">Thun, Friedrich von</marc:subfield>
   </marc:datafield>
   <marc:datafield ind1=" " ind2=" " tag="653">
      <marc:subfield code="a">Ostern</marc:subfield>
   </marc:datafield>
   <marc:datafield ind1=" " ind2=" " tag="653">
      <marc:subfield code="a">deutscher Film</marc:subfield>
   </marc:datafield>
   <marc:datafield ind1=" " ind2=" " tag="653">
      <marc:subfield code="a">Hase</marc:subfield>
   </marc:datafield>
   <marc:datafield ind1=" " ind2=" " tag="653">
      <marc:subfield code="a">Animationsfilm</marc:subfield>
   </marc:datafield>
   <marc:datafield ind1="0" ind2="0" tag="245">
      <marc:subfield code="a">Die Häschenschule - Der große Eierklau</marc:subfield>
   </marc:datafield>
   <marc:datafield ind1="0" ind2="0" tag="245">
      <marc:subfield code="b">moderne Adaption Kinderbuchklassiker von Albert Sixtus</marc:subfield>
   </marc:datafield>
   <marc:datafield ind1="0" ind2="0" tag="245">
      <marc:subfield code="c">Sixtus, Albert</marc:subfield>
   </marc:datafield>
   <marc:datafield ind1=" " ind2="1" tag="264">
      <marc:subfield code="a">München</marc:subfield>
      <marc:subfield code="b">Leonine</marc:subfield>
      <marc:subfield code="c">2022</marc:subfield>
   </marc:datafield>
   <marc:datafield ind1="1" ind2=" " tag="490">
      <marc:subfield code="a">Die Häschenschule</marc:subfield>
      <marc:subfield code="v">Teil 2</marc:subfield>
   </marc:datafield>
   <marc:datafield ind1="1" ind2=" " tag="520">
      <marc:subfield code="a">Große Vorfreude in der Häschenschule! Es ist kurz vor Ostern und in einem feierlichen Ritual werden mit Hilfe des Goldenen Eis die sogenannten "Meisterhasen" auserwählt. In diesem Jahr hält das Goldene Ei eine besondere Überraschung bereit: Zum ersten Mal in der Geschichte der Häschenschule wählt es einen Großstadthasen, Max, als Meisterhasenkandidaten &#x96; und der ist völlig aus dem Häuschen! Jetzt gilt es für ihn und seine Osterhasenfreunde, die schwierigsten Spezialfähigkeiten zu meistern. Doch noch vor dem ersten Training geschieht das Unfassbare: Das Goldene Ei &#x96; die Quelle der magischen Fähigkeiten aller Osterhasen &#x96; färbt sich schwarz! Dahinter steckt Leo, der Anführer einer üblen Großstadthasengang, der Ostern abschaffen will. Leo erschleicht sich die Hilfe der Fuchsfamilie und lässt nichts unversucht, um der Häschenschule die Ostereier abzuluchsen &#x96; und entführt schließlich sogar Hasenmädchen Emmi! Um seine beste Freundin zu retten, benötigt Max die Hilfe des Fuchsjungen Ferdinand. Doch kann ein Hase ausgerechnet einem Fuchs vertrauen?</marc:subfield>
   </marc:datafield>
   <marc:datafield ind1=" " ind2=" " tag="020">
      <marc:subfield code="a">4061229078603</marc:subfield>
      <marc:subfield code="9">4061229078603</marc:subfield>
   </marc:datafield>
   <marc:datafield ind1=" " ind2=" " tag="041">
      <marc:subfield code="a">ger</marc:subfield>
   </marc:datafield>
   <marc:datafield ind1="0" ind2=" " tag="490">
      <marc:subfield code="v">0</marc:subfield>
   </marc:datafield>
   <marc:datafield ind1=" " ind2=" " tag="542">
      <marc:subfield code="d">Münchow-Pohl, Ute [Regie]</marc:subfield>
   </marc:datafield>
   <marc:datafield ind1=" " ind2=" " tag="338">
      <marc:subfield code="a">Videodisk</marc:subfield>
   </marc:datafield>
   <marc:datafield ind1=" " ind2=" " tag="300">
      <marc:subfield code="a">1 DVD</marc:subfield>
   </marc:datafield>
</marc:record>
